00676cam a22002291 4500001001300000003000400013005001700017008004100034010001700075025001900092040001700111041001100128050001700139110002800156245007000184260002200254300004800276500003600324504003000360600003900390999001700429sa 64009123 DLC20260227112059.0900403s1962 ii ach b 010 0 eng  asa 64009123  aPL480:I-E-2902 aDLC/ICUcICU0 aengben00aQD22.R35bC32 aUniversity of Calcutta.10aAcharya Prafulla Chandra Rāy;bbirth centenary souvenir volume. a[Calcutta]c1962. ax, 310 p.billus., facsims., ports.c26 cm. aArticles in English or Bengali. aBibiographical footnotes.10aRay, Prafulla Chandra,d1861-1944. c61273d61273